Szczegóły MARC21

Księga geniuszu : jak wyzwolić geniusza w sobie /

003 -Nazwa inst., której nr kontr. jest w polu 001 [,]
    • @
    • Nazwa instytucji, której n kontrolny jest w polu 001
    • NUKAT
005 -DATA I CZAS OSTATNIEJ MODYFIKACJI [,]
    • @
    • pole kontrolne
    • 20241231112136.0
020 -Międzynarod. znormalizowany nr książki - ISBN [ , ]
    • a
    • Numer ISBN
    • 8387039624 Find
040 -Instytucja sporządzająca opis [ , ]
    • a
    • Instytucja, która sporządziła opis (NP)
    • NUKAT
    • c
    • Instytucja, która sporządziła rekord (NP)
    • WA N/KR U
    • d
    • Instytucja, która zmodyfikowała rekord (P)
    • KR U/ES
    • d
    • Instytucja, która zmodyfikowała rekord (P)
    • WA U/EBA
    • d
    • Instytucja, która zmodyfikowała rekord (P)
    • WA U/AP
    • d
    • Instytucja, która zmodyfikowała rekord (P)
    • WA U/JEK
    • d
    • Instytucja, która zmodyfikowała rekord (P)
    • WA U/EDP
041 -Język dokumentu [1, ]
    • a
    • Język tekstu (P)
    • polski
    • h
    • Język tekstu oryginalnego i/lub pośredniego (P)
    • angielski
942 -Rodzaj dokumentu [ , ]
    • c
    • Rodzaj dokumentu
    • Książka
100 -Hasło główne - nazwa osobowa [1, ]
    • a
    • Nazwa osobowa (NP)
    • Buzan, Tony
    • d
    • Daty biograficzne (NP)
    • (1942- ).
    • 9
    • KHW
    • 66092
245 -Strefa tytułu i oznaczenia odpowiedzialności [1,0]
    • a
    • Tytuł
    • Księga geniuszu : Find
    • b
    • Ciąg dalszy tytułu (NP)
    • jak wyzwolić geniusza w sobie / Find
    • c
    • Pozostałe elementy strefy tytułu i oznaczenia odpowiedzialności (NP)
    • Tony Buzan, Raymond Keene ; [tł. z ang. Lech Kuczmowski].
246 -Wariant tytułu [1, ]
    • i
    • Tekst wyświetlany na ekranie monitora (NP)
    • Tyt. oryg.:
    • a
    • Tytuł (NP)
    • Book of genius and how to unleash your own
260 -Strefa adresu wydawniczego [ , ]
    • a
    • Miejsce wydania (P)
    • Radom :
    • b
    • Nazwa wydawcy (P)
    • Ośrodek Kształcenia i Doskonalenia Kadr Instytutu Technologii Ekspolatacji ;
    • a
    • Miejsce wydania (P)
    • [Warszawa :
    • b
    • Nazwa wydawcy (P)
    • Ministerstwo Edukacji Narodowej],
    • c
    • Data wydania (P)
    • 1997.
300 -Strefa opisu fizycznego [ , ]
    • a
    • Określenie formy książki i/lub objętość (NP)
    • 128, [1] s. :
    • b
    • Oznaczenie ilustracji (NP)
    • il., wykr. ;
    • c
    • Format (NP)
    • 24 cm.
336 -Typ zawartości [ , ]
    • a
    • Termin opisujący typ zawartości
    • Tekst
    • b
    • Kod określający zawartość
    • txt
    • 2
    • Źródło (terminu i kodu)
    • rdacontent
337 -Typ mediów [ , ]
    • a
    • Tryb odtwarzania
    • Bez urządzenia pośredniczącego
    • b
    • Kod typu mediów
    • n
    • 2
    • Źródło (terminu i kodu)
    • rdamedia
338 -Typ/rodzaj nośnika [ , ]
    • a
    • Hasło opisujące typ nośnika
    • Wolumin
    • b
    • Kod typu nośnika
    • nc
    • 2
    • Źródło (terminu i kodu)
    • rdacarrier
080 -Uniwersalna Klasyfikacja Dziesiętna [ , ]
    • a
    • Symbol klasyfikacji
    • 159.924
    • 9
    • UKD
    • 2427
    • 2
    • Identyfikator wydania tablic
    • UDC-P058
    • b
    • Dopowiedzenie
    • Genialność.
080 -Uniwersalna Klasyfikacja Dziesiętna [ , ]
    • a
    • Symbol klasyfikacji
    • :159.95
080 -Uniwersalna Klasyfikacja Dziesiętna [ , ]
    • a
    • Symbol klasyfikacji
    • :159.938.072
650 -Hasło przedmiotowe [ ,7]
    • a
    • Hasło przedmiotowe
    • Inteligencja.
    • 2
    • Źródło terminu
    • kaba
    • 9
    • KHW
    • 112181
650 -Hasło przedmiotowe [ ,7]
    • a
    • Hasło przedmiotowe
    • Myślenie.
    • 2
    • Źródło terminu
    • kaba
    • 9
    • KHW
    • 120256
650 -Hasło przedmiotowe [ ,7]
    • a
    • Hasło przedmiotowe
    • Sukces.
    • 2
    • Źródło terminu
    • kaba
    • 9
    • KHW
    • 131594
650 -Hasło przedmiotowe [ ,7]
    • a
    • Hasło przedmiotowe
    • Testy psychologiczne.
    • 2
    • Źródło terminu
    • kaba
    • 9
    • KHW
    • 133477
650 -Hasło przedmiotowe [ ,7]
    • a
    • Hasło przedmiotowe
    • Geniusz.
    • 2
    • Źródło terminu
    • kaba
    • 9
    • KHW
    • 147632
980 -Symbol UKD [ , ]
    • a
    • UKD
    • 159.924:159.95:159.938.072
700 -Hasło dodatkowe - nazwa osobowa [1, ]
    • a
    • Nazwa osobowa (NP)
    • Keene, Raymond Find
    • d
    • Daty biograficzne (NP)
    • (1948- ).
    • 9
    • KHW
    • 713955
700 -Hasło dodatkowe - nazwa osobowa [1, ]
    • a
    • Nazwa osobowa (NP)
    • Kuczmowski, Lech. Find
    • e
    • Określenie rodzaju współpracy
    • Tł.
    • 9
    • KHW
    • 713956
920 -ISBN [ , ]
    • a
    • ISBN
    • 83-87039-62-4 Find
Lokalizacja Data inwentaryzacji Status udost. Numer inwentarzowy
BG1999-05-131Pd.12319